000 00501nam a2200181Ia 4500
005 20250508151420.0
008 008 250505s9999 xx 000 0 eng d
037 _aTextual
040 _aFEDL
_beng
_cFEDL
041 _aeng
_2eng
084 _a325.347, KOL
_qFEDL
100 _aKolarz Walter
245 0 _aPeople of the soviet far east
260 _aNew York, USA
_bFrederick A. Praeger
_c1954
300 _axii,193p.
942 _cTEXL
_h325.347, KOL
999 _c1329639
_d1329639